000 00891cam a2200217 4500
001 6044
005 20181127180755.0
020 _a9780141185132
100 1 _aCamus, Albert,
_d1913-1960
240 1 0 _aPeste.
_lEnglish
245 1 4 _aThe plague /
_cAlbert Camus
300 _a237 p. ;
_c20 cm
490 1 _aPenguin classics
500 _aWinner of the Nobel Prize for Literature.
520 _aChaos prevails when the bubonic plague strikes the Algerian coastal city of Oran. A haunting tale of human resilience in the face of unrelieved horror, Camus' novel about a bubonic plague ravaging the people of a North African coastal town is a classic of twentieth-century literature.
546 _aTranslated from the French
650 _aDisease Outbreaks
_vFiction.
_x
_y
_z
_2
650 0 _aEpidemics
_zAlgeria
_vFiction
650 0 _aPlague
_zAlgeria
_vFiction
830 0 _aPenguin classics
999 _c5103
_d5103